| 000 | 00486nam a22001457a 4500 | ||
|---|---|---|---|
| 003 | 0 | ||
| 005 | 20230201140619.0 | ||
| 008 | 230201b xxu||||| |||| 00| 0 eng d | ||
| 050 |
_aHG1601 _b.C37 2019 |
||
| 245 |
_aRichbee honebeefarm based honey shopping application with remittance payment _cCasas, Denver Kennedy A. |
||
| 260 |
_aLas Pinas City _bSouthville International School and Colleges _cC2019 |
||
| 300 |
_aix,133pp. _c28cm. _fTheses |
||
| 500 | _aHoneybee farm. | ||
| 942 |
_2lcc _cTH |
||
| 999 |
_c364922 _d364922 |
||